000 00371 a2200121 4500
001 ART_14591
005 20260410161912.0
008 260409a
245 1 0 _aThe integrability of consumer demand functions
100 1 _aLau, Lawrence J.
700 1 _aJorgenson, Dale W.
773 0 _tEuropean economic review
_g- Vol. 12, NÂș 2 (abr. 1979)
_wREV13346
999 _c26929
_d26929